000 00463nam a2200181Ia 4500
005 20250317125748.0
008 008 250317s9999 xx 000 0 eng d
037 _aTextbook
040 _aFMSL
_beng
_cFMSL
041 _aeng
_2eng
084 _qFMSL
100 _aSachdeva D R
_950558
245 0 _aIndian Administration
260 _aDelhi
_bDelhi, Gur Das kapur
_c1963
300 _a320p
942 _cTB
999 _c1260855
_d1260855